| 000 | 00000nam##2200000za#4500 |
| 001 | 9.700321 |
| 003 | CaOODSP |
| 005 | 20210625000801 |
| 007 | cr ||||||||||| |
| 008 | 150407|2015||||xxc|||||o f|0| 0 eng|d |
| 020 | |a978-1-100-25666-5 |
| 040 | |aCaOODSP|beng |
| 043 | |an-cn--- |
| 086 | 1 |aH29-58/2015E-PDF |
| 110 | 1 |aCanada. |bHealth Canada. |
| 245 | 10|aNutrition facts table teaching resource |h[electronic resource] |
| 260 | |aOttawa - Ontario : |bHealth Canada |cc2015. |
| 300 | |a59p.|bcoloured illus., figs., photographs |
| 590 | |a15-10|b2015-03-06 |
| 690 | 07|aNutrition|2gcpds |
| 776 | 0#|tNutrition facts table teaching resource |w(CaOODSP)9.630279 |
| 856 | 40|ahttp://publications.gc.ca|qPDF|s4.69 MB|uhttps://publications.gc.ca/collections/collection_2015/sc-hc/H29-58-2015-eng.pdf |
| 986 | |aHC Pub.: 140426 |